Quiz sur la Perse et l'Iran (Culture Générale) - Statistiques

Statistiques générales
  • Ce quiz a été pris 33 fois
    31 depuis la dernière actualisation
  • Le résultat moyen est 18 sur 54
Statistiques - réponses
Questions Réponses % Correct
Citer un des titres désignant l'empereur perse ? "Le Roi des rois" / Chah / Shah
71%
Quel conquérant macédonien fit s'effondrer l'empire perse ? Alexandre le Grand
68%
Quelle est la nouvelle capitale de l'Iran sous cette dynastie, qui est toujours la capitale actuelle ? Téhéran
64%
En quelle année s'est déroulée la Révolution islamique d'Iran, destituant le dernier chah iranien ? 1979
61%
Quel autre empire musulman (sunnite) fut le principal rival de l'Empire perse durant cette période ? Ottoman
61%
Citer une des premières capitales de l'empire perse Persépolis / Suse / Pasargades
61%
Quel chef religieux est placé à la tête de la nouvelle République islamique d'Iran et met en place une théocratie chiite répressive ? Ayatollah Khomeini
57%
Quel nouvel empire perse fonde le roi Ardachîr Ier, en 224, rétablissant les Iraniens en tant que superpuissance de l'Antiquité tardive ? Sassanide
57%
Nom du premier empire / dynastie perse Achéménide
54%
Religion des Perses Zoroastrisme / Mazdéisme
54%
Quel roi perse défait-il à plusieurs reprises ? Darius III
50%
Qui succède à l'ayatollah Khomeini à sa mort en 1989, dirigeant l'Iran jusqu'en 2026 ? Khamenei
50%
Quel dirigeant sunnite déclare la guerre à l'Iran en 1980, menant à la violente guerre Iran-Irak entre 1980 et 1988, qui provoque la mort de près d'un million de personnes et aboutit à un statu quo ? Saddam Hussein
50%
En quelle année l'Iran, suspecté de progermanisme durant la Seconde guerre mondiale, est-il envahi et occupé pendant quatre ans par les troupes Alliés ? 1941
46%
Quelle est la capitale de l'Empire perse sous cette dynastie entre le XVIIème siècle et 1736 ? Ispahan
46%
Avec quel pays occidental l'Iran du nouveau chah se rapproche-t-il après la Seconde guerre mondiale ? Les Etats-Unis
46%
Quel peuple nomade originaire des steppes conquiert la Perse dès 1231 ? Mongols
46%
Comment s'appelle l'organisation paramilitaire de la République islamique d'Iran, dépendant directement du chef de l'Etat iranien ? Gardiens de la Révolution / Pasdaran
43%
Quel est le titre du dirigeant à la tête de la République islamique d'Iran ? Guide Suprême de la Révolution
43%
Nom du roi Perse lors de ces batailles Xerxès Ier
43%
Quelle religion officielle de l'Empire perse cette dynastie établit-elle ? Chiisme duodécimain
39%
De quel peuple iranien les Perses s'émancipent-ils ? Mèdes
39%
Comment s'appelle les érudits musulmans et membres du clergé chiite en Iran ? Mollah
39%
Quelle dynastie macédonienne, fondée par un des diadoques d'Alexandre, a régné sur l'ancien territoire perse de 305 à 64 av. J.-C. ? Séleucide
39%
Nom des guerres qui opposent les Perses aux cités grecques (499-449 av. J.-C.) Médiques
36%
Quelle nouvelle entité politique d'origine iranienne s'affirme contre cette dynastie puis contre la République romaine durant le IIIème siècle av. J.-C. ? Parthes
36%
Quelle dynastie iranienne rétablit un véritable empire perse entre 1501 et 1736, affirmant l'identité et la domination politique perse dans la région ? Séfévide / Safavide
36%
Quel premier ministre iranien décide de nationaliser l'industrie pétrolière de l'Iran en 1952, alors sous contrôle britannique depuis 1913, provoquant une crise diplomatique internationale entre les pays occidentaux qui parviennent à le faire évincer du pouvoir par le chah en 1953 ? Mossadegh
32%
Par quelle bataille ultime ce conquérant vainc-il définitivement l'Empire perse en 331 av. J.-C. ? Gaugamèles
29%
Bataille navale durant laquelle les Perses sont vaincus par les cités grecques en 479 av. J.-C. Salamine
29%
Bataille durant laquelle les Perses vainquent les Spartiates de Léonidas en 480 av. J.-C. Thermopyles
29%
En quelle année le Parlement destitue-t-il la dynastie au pouvoir ? 1925
25%
Quel empereur romain, surnommé "l'Apostat", a tenté de conquérir la Perse en 363, en suivant les pas de son modèle Alexandre le Grand, mais est tué lors de la bataille de Samarra ? Julien
25%
Quel officier cosaque et premier ministre du chah Ahmad Chah mène un coup d'Etat et fonde la nouvelle dynastie Pahlavi ? Reza Chah
21%
Comment s'appelle le service de sécurité intérieure et de renseignement de l'Iran sous le règne de la dynastie Pahlavi, responsable d'une forte répression à l'égard des opposants politiques du chah (arrestations arbitraires, torture, censure) ? SAVAK
21%
Quelle dynastie turco-mongole, fondée par Tamerlan, règne sur un vaste empire comprenant la Perse et une grande partie de l'Asie centrale, entre 1370 et 1507 ? Timouride
21%
Quel empereur perse capture l'empereur romain Valérien en 260 ? Chapour Ier / Shapour / Shapur / Sapor
18%
Quelle est la capitale de ce nouvel empire ? Ctésiphon
18%
Fondateur de l'empire perse Cyrus II le Grand
18%
Comment est surnommée la rivalité coloniale et diplomatique entre le Royaume-Uni et la Russie en Asie, notamment liée au contrôle et la protection des routes commerciales en Perse (vers l'Inde pour les Britanniques et vers le Golfe persique et l'Asie centrale pour les Russes) au cours du XIXème siècle ? Le Grand Jeu
18%
Provinces de l'Empire perse, dirigées par un gouverneur Satrapies
18%
Durant quelle bataille l'armée romaine, menée par Crassus, subit une lourde défaite face au général Suréna en 53 av. J.-C. ? Carrhes
14%
Comment est surnommée la série de réformes économiques et sociales lancées par le chah entre les années 1960 et 1970 (réforme agraire pour redistribuer les terres aux plus pauvres et diminuer le pouvoir des grands propriétaires terriens, droits de vote des femmes), ayant pour but de moderniser l'Iran ? La Révolution blanche / La révolution du Roi et du Peuple
14%
Qui est le fils de Reza Chah, qui devient chah après que son père fût déposé et exilé à l'île Maurice puis en Afrique du Sud par les Britanniques ? Mohammad Reza Chah
14%
Quel empereur byzantin, ayant régné entre 610 et 641, met un terme à la menace perse sur Constantinople en récupérant un grand nombre de territoires annexés par les Perses (Cappadoce, Cilicie, Arménie, Syrie) ? Héraclius
11%
Quel Chah d'Iran, régnant de 1736 à 1747 et surnommé le "Napoléon de la Perse", est célèbre pour ses conquêtes militaires, notamment celles liées à l'invasion de l'Inde et aux défaites infligées à la grande armée de l'Empire moghol (bataille de Karnal de 1739 et prise de Dehli) ? Nader Chah / Nadir Chah
11%
Quelle dynastie iranienne d'origine turkmène met fin à la dynastie kurde des Zend et règne sur l'Iran de 1789 à 1925, oeuvrant à la modernisation politique et économique de l'Iran ? Qadjar
11%
Quelle expression historienne donnée aux trois empires perse, turc et moghol de l'époque moderne, fait référence à leur utilisation d'armes à feu innovantes durant leurs conquêtes militaires mais également à leur grande stabilité politique, leur expansion commerciale ainsi qu'à leur rayonnement culturel et artistique ? "Empires de la poudre à canon"
7%
Comment s'appelle le nouveau royaume turco-mongol fondé en Perse par les héritiers de Genghis Khan ? Ilkhanat de Perse
7%
Quel événement politique en 1905 a pour conséquence la création d'une Constitution et d'un parlement en Perse, le Majles, pour contrer l'autorité des Chah ? Révolution constitutionnelle persane
7%
Depuis quelle région perse les Abbassides ont-ils fomenté leur rébellion contre le califat omeyyade ? Khorassan / Khorasan
4%
Lors de quelle bataille décisive le califat arabe Rashidun met-il en déroute les armées de l'empereur Yazdgard III en 642, permettant l'expansion de l'Islam en Perse ? Nahavend / Nehavend
4%
Quelle paix, conclue en 298 entre l'empereur romain Galère et l'empereur perse Narses, met fin à la première guerre perso-romaine et permet à l'Empire romain de maintenir son influence sur le royaume d'Arménie, tout en cédant une partie de la province de Mésopotamie ? Paix de Nisibe
4%
Quelle révolte, menée en 1891 par le clergé chiite, s'oppose aux concessions commerciales de l'Iran avec le Royaume-Uni ? Révolte du tabac
4%
Aucun quiz correspondant
Distribution des résultats
% des personnes avec chaque résultat
Percentile par nombre de réponses
Votre historique - résultats
Vous n’avez pas pris ce quiz depuis la dernière actualisation